000 00749cam a2200229 a 4500
001 000006146
005 20200929151942.0
008 940802s1993 ck a 001 0 spa
020 _a9586121488
040 _aDO-SdBNP
_cDLC
_dDLC
082 _aC861.44
_bC462i
100 1 _aChaparro Valderrama, Hugo.
_917273
245 1 0 _aImagenes de un viaje /
_cHugo Chaparro Valderrama.
260 _aSantafé de Bogotá :
_bColcultura,
_c1993.
300 _a78 p. :
_bil. ;
_c21 cm.
490 1 _aPremios Nacionales '93.
586 _aPremio Nacional de Poesía 1993. Poesía tri-aequo".
650 4 _aPoesía colombiana
_93742
650 4 _aLiteratura colombiana
_91244
830 0 _aPremios Nacionales '93.
_914740
910 _aCatalogación por copia / LC
999 _c5942
_d5942